Detalles MARC
| 000 -LIDER |
| fixed length control field |
01651cam a22003254a 4500 |
| 001 - NÚMERO DE CONTROL |
| Identificador de número de control |
12809596 |
| 003 - IDENTIFICACDOR DE NÚMERO DE CONTROL |
| control field |
DO-SdBPM |
| 005 - DATE AND TIME OF LATEST TRANSACTION |
| control field |
20250507130718.0 |
| 008 - ELEMENTOS DE LONGITUD FIJA |
| fixed length control field |
020506s1999 sp a 000 0dspa |
| 020 ## - ISBN |
| International Standard Book Number |
8423997227 |
| 040 ## - FUENTE DE CATALOGACIÓN |
| Agencia que crea de manera original el registro |
DO-SdBPM |
| Idioma de catalogación |
spa |
| Agencia que realiza la transcripción |
BPMSU |
| Agencia que realiza la modificación |
|
| Convenciones de la despripción |
rda |
| 082 #4 - NÚMERO DE CLASIFICACIÓN DECIMAL DE DEWEY |
| Classification number |
946.083 |
| Item number |
H673e 1999 |
| Edition number |
22 |
| 245 00 - MENCIÓN DE TITULO |
| Título |
Historia de de España : |
| Subtítulo |
restauraci[on y regencia / |
| Mención de responsabilidad |
Feliciano Montero ... [y otros] |
| 260 ## - PUBLICACIÓN, DISTRIBUCIÓN, ETC. (PIE DE IMPRENTA) |
| Lugar de publicación, distribución, etc |
Madrid : |
| Nombre del editor, distribuidor, etc. |
Espasa, |
| Fecha de publicación, distribución, etc |
1999 |
| 300 ## - DESCRIPCIÓN FÍSICA |
| Extensión |
v. ; |
| Dimensiones |
27 cm. |
| Otros detalles físicos |
|
| 505 0# - NOTA DE CONTENIDO |
| Texto normalizado de contenido |
v.6 : La España del siglo XVII : Los Austrias Menores, política y cultura en la edad moderna -- v. 7 : La España de la ilustración : Los Borbones y el Siglo XVIII -- v. 8 : La España de Fernando VII : La crisis del antiguo régimen (1808-1833) -- v.9 : La era de los navegantes viajes y descubrimientos -- v.10 : Restauración y regencia : La España canovista (1875-1902) -- v. 14 : La España de Juan Carlos I : Transición y democracia (1975-1999) -- v. 11 : Dos mundos frente a frente, la conquista de América -- v. 12 : República y guerra civil : La crisis de la España contempránea (1931-1939).<br/> |
| 590 ## - NOTA LOCAL |
| Texto de la nota local |
Inventariado, 2025/VM |
| 651 #4 - ENCABEZAMIENTO DE MATERIA--NOMBRE GEOGRÁFICO |
| Nombre geográfico |
España |
| Subdivisión temática general |
Historia |
| Subdivisión cronológica |
XVII |
| 651 #4 - ENCABEZAMIENTO DE MATERIA--NOMBRE GEOGRÁFICO |
| Nombre geográfico |
España |
| Subdivisión temática general |
Civilización |
| Subdivisión cronológica |
Siglo XVII |
| 700 1# - ASIENTO SECUNDARIO -- NOMBRE PERSONAL |
| Nombre personal |
Carr, Raymond |
| Mención de responsabilidad |
autor |
| 700 1# - ASIENTO SECUNDARIO -- NOMBRE PERSONAL |
| Nombre personal |
Fusi, Juan Pablo |
| Mención de responsabilidad |
autro |
| 700 1# - ASIENTO SECUNDARIO -- NOMBRE PERSONAL |
| Nombre personal |
Palafox, Jordi |
| Mención de responsabilidad |
autor |
| 700 1# - ASIENTO SECUNDARIO -- NOMBRE PERSONAL |
| Nombre personal |
Montero, Feliciano |
| Mención de responsabilidad |
autor |
| 700 1# - ASIENTO SECUNDARIO -- NOMBRE PERSONAL |
| Nombre personal |
Martínez de Velazco, Ángel |
| Mención de responsabilidad |
autor |
| 700 1# - ASIENTO SECUNDARIO -- NOMBRE PERSONAL |
| Nombre personal |
Fernanández Díaz, Roberto |
| Mención de responsabilidad |
autor |
| 700 1# - ASIENTO SECUNDARIO -- NOMBRE PERSONAL |
| Nombre personal |
Ricardo, Martín |
| Mención de responsabilidad |
director de la obra |
| 710 2# - ASIENTO SECUNDARIO -- NOMBRE CORPORATIVO |
| Nombre corporativo o de jurisdicción |
Salvat |
| 910 ## - VALIDACIÓN |
| Validación |
VMateo V. Control de calidad. BPMSU |
| 942 ## - ADDED ENTRY ELEMENTS (KOHA) |
| Source of classification or shelving scheme |
Dewey Decimal Classification |
| Koha item type |
Libros |